| 000 | 00000nam 2200000za 4500 |
| 001 | 9.845996 |
| 003 | CaOODSP |
| 005 | 20250203140918 |
| 007 | cr ||||||||||| |
| 008 | 171024s1967 oncabdo ofs f|01 0|eng d |
| 040 | |aCaOODSP|beng |
| 043 | |an-cn |
| 086 | 1 |aCS11-203/1967E-PDF|zCS11-203/1967 |
| 245 | 00|aCanada one hundred, 1867-1967 |h[electronic resource] / |cprepared in the Canada Year Book, Handbook and Library Division, Dominion Bureau of Statistics. |
| 260 | |aOttawa : |bQueen's Printer, |cc1967. |
| 300 | |aviii, 501 p. : |bphotos (some col.), col. maps, ill., charts |
| 500 | |aIssued also in French under title: Canada, un siècle, 1867-1967. |
| 500 | |aDigitized edition from print produced 2014 [for Statistics Canada]. |
| 504 | |aIncludes bibliographic references. |
| 520 | |a"The production of this book, Canada One Hundred 1867-1967, is the special contribution of the Dominion Bureau of Statistics to the publishing program of the Government of Canada in commemoration of its first hundred years of Confederation"--Foreword. |
| 692 | 07|2gccst|aCanadian history |
| 692 | 07|2gccst|aCanadian identity |
| 692 | 07|2gccst|aEconomic conditions |
| 692 | 07|2gccst|aSocial conditions |
| 693 | 4|aCentennial |
| 693 | 4|aConfederation |
| 693 | 4|aCanada |
| 710 | 2 |aStatistics Canada. |
| 775 | 08|tCanada, un siècle, 1867-1967 |w(CaOODSP)9.846010 |
| 775 | 08|t[Canada one hundred, 1867-1967] |w(CaOODSP)9.846016 |
| 856 | 40|qPDF|s35.73 MB|uhttps://publications.gc.ca/collections/collection_2017/statcan/11-203/CS11-203-1967-eng.pdf |